MDQL
is popping MORE tags! Check the
thread
!
Quizzes
Events
Quiz Creation
Community
Videos
Private Events
Remove Ads
Sign In
Join for FREE
Feedback
Dark Mode
Quiz Categories
Sports
Geography
Music
Movies
Television
Just For Fun
Miscellaneous
History
Literature
Language
Science
Gaming
Entertainment
Religion
Holiday
For Kids
Quiz Lab
Recent
Popular Today
Quiz Kudos Today
Editor Picks
Curator Picks
Quizzes by...
Day
Popularity
Type
Ratings
Length
Year
Community
Subscriptions
Recent Discussions
Orange Saloon
Badges
Playlists
Quests
Create
Leaderboards
Showdown
Live 5
Trivia Bingo
Activity
Puzzle Library
Sporcle Events
Private Events
Virtual Trivia
Globe League
Become a Host
Pub Owners
SporcleCon
Opinionation
Our Games
Videos
Blog
Mobile Apps
Partnerships
Remove Ads and Go Orange
Feedback
Miscellaneous
Crossword
General Knowledge
Baby Names
Logo
Food
Cars
Numbers
Grab Bag
University
College
Popular
Company
Slogans
Restaurants
Justice
Letter
Miscellaneous
Crossword
General Knowledge
Baby Names
Logo
Food
Cars
Numbers
Grab Bag
University
College
Popular
Company
Slogans
Restaurants
Justice
Letter
Random Quiz
Search Sporcle
×
Quiz Lab
Quiz Lab
Miscellaneous
note
Type in answers that appear in a list
Type in answers that appear in a list
Classic
Best Score? Go Orange.
Vietnamese Beers Stats
Can you name the Vietnamese brands of beer??
By
themarkpham
4m
15 Questions
45 Plays
45 Plays
45 Plays
Comments
Comments
Give Quiz Kudos
Give Quiz Kudos
-
- Ratings
hide this ad
More Info
Random Order
Randomize order of answers
Randomize order of answers
Replay
Link that replays current quiz
Next Quiz
Link to next quiz in quiz playlist
You Got
0%
They Got
Avg Score
25%
Avg Friend Score
Upgrade to see
Score Distribution
Jump to the score distribution portion of the page
Score
0/15
Timer
04:00
0
Plays Today
Brewer
Beer
% Correct
Sabeco
333
75.6%
Sabeco
Saigon Lager
48.9%
H** Brewery ltd.
Hue Beer
42.2%
Huế Brewery ltd.
Huda
42.2%
Habeco
Bia Ha Noi
35.6%
Sabeco
Saigon export
31.1%
Ha Tay Brewery ltd.
HBL Bière Larue Export
31.1%
Locals
Bia hơi
24.4%
Brewer
Beer
% Correct
Sabeco
Saigon Special
20%
T**** H** BeCo
Thanh Hoa
13.3%
Foster's Vietnam ltd.
BGI
6.7%
Habeco
Bia Trúc Bạch Classic
4.4%
Vinabeco
Bivina
4.4%
Habeco
Bia Ha Noi Lager
2.2%
Sabeco -
Nghe Tinh
Vida
2.2%
Quiz Playlist
Details
Report
Send in Message
Add To Playlist
More Info:
Remember to be specific with the name. This list includes beers brewed for Vietnamese, by Vietnamese, albeit sometimes with foreign backing.
Classic:
Type in answers that appear in a list
Random Order:
Randomize order of answers
Last Updated: Feb 16, 2017
Quiz Scoreboard
CHALLENGE
Sign Up to Join the Scoreboard
Show All
Scores
Hide
Comments
May contain spoilers
Recently Published
5x2 Blitz: Bands
by SL_Kpop136
Music
30s
Colored Red Africa Blitz
by spor1
Geography
30s
Find the 'City' Movie
by crazypaving
Movies
60s
More to Explore
Quiz From the Vault
Featured Blog Post
14 Easter Pick-up Lines to Find Eggs With
hide this ad
You Might Also Like...
Tags
Beer
brand
Brewer
note
Today's Top Quizzes in Miscellaneous
Browse Miscellaneous
hide this ad
Today's Top Quizzes in note
Browse note
Top Contributed Quizzes in Miscellaneous
1
The JOE quick-fire general knowledge quiz: Day 174
2
5-to-1: Fast Food
3
9x9 Crossword: Disney Movie Titles
4
9x9 Crossword: Charlie and the Chocolate Factory
5
9x9 Crossword: Actors
6
9x9 Crossword: 2022 Movies
7
9x9 Crossword: The Simpsons
8
9x9 Crossword: Pixar Movie Titles
9
The JOE quick-fire general knowledge quiz: Day 173
10
9x9 Crossword: Flags
Explore More
Trending Topics
Marvel
Anime
NBA
Crossword
Harry Potter
Disney
Kpop
Country
Pokémon
Soccer
NFL
The Office
Puzzle
WWE
Song
hide this ad
More By:
themarkpham
Quiz
Plays
Rating
Category
Featured
Created
Tên Họ Việt - Vietnamese Surnames
662
5.00
Language
May 18, 2010
Feelings - Vietnamese-English Vocab #1
252
Language
May 16, 2010
Colors - Vietnamese-English Vocabulary
166
Language
May 16, 2010
US Presidential Doctrines on Foreign Policy
159
History
Oct 5, 2014
UN Millennium Development Goals
88
History
Sep 27, 2010
Go to Creator's Profile
Score Distribution
Quiz Creator Spotlight
themarkpham
Follow
Send a Message
Quizzes Created
-
Created Quiz Play Count
-
More By This Creator
Popular Quizzes Today
1
Colored Red Africa Blitz
2
Find the US States - No Outlines Minefield
3
Find the 'City' Movie
4
5x2 Blitz: Bands
5
The Countries of the World
6
Find the US States
7
US States
8
Find the Countries of Europe - No Outlines Minefield
More Miscellaneous Quizzes
The Periodic Table of Non-Elements
Published
Trending Quizzes
Colored Red Europe Blitz I
Colored Red Europe Blitz II
Colored Red Africa Blitz II
Colored Red Europe Blitz III
Colored Red Africa Blitz III
Recently Updated
How Do You Spell That?
pecheneg
Godzilla Movies
pecheneg
Grab Bag: 4-10 Letters
pecheneg
2024 March Madness Bracket
pecheneg
Famous TV Couples
Peacemaker
Champions League XIs: Real Madrid
pecheneg
Largest US Cities 1790-2010
pecheneg
Rides in Walt Disney World
pecheneg
Most Oscar Losses (Acting)
pecheneg
Beyoncé Albums
pecheneg
Trending Topics
Harry Potter
Crossword
Marvel
Kpop
Disney
Anime
NBA
Puzzle
Soccer
Country
Pokémon
NFL
The Office
Song
WWE
Your Account Isn't Verified!
In order to create a playlist on Sporcle, you need to verify the email address you used during registration. Go to your
Sporcle Settings
to finish the process.
Report this User
Report this user for behavior that violates our
Community Guidelines
.
Details:
Send Report
Go to the Sporcle.com Mobile Site →
Comments